[Event "Ruhrgebiet VL2 0910"]
[Site "Germany"]
[Date "2010.01.10"]
[Round "5.2"]
[White "Frohne, Gerd"]
[Black "Stadtmann, Jens"]
[Result "0-1"]
[WhiteElo "2168"]
[BlackElo "2215"]
[PlyCount "74"]
[EventDate "2009.09.06"]
[EventType "team-tourn"]
[EventRounds "9"]
[EventCountry "GER"]
[SourceTitle "EXT 2011"]
[Source "ChessBase"]
[SourceDate "2010.11.26"]
[SourceVersion "1"]
[SourceVersionDate "2010.11.26"]
[SourceQuality "1"]
[WhiteTeam "Gladbeck SG"]
[BlackTeam "Bottrop"]
[WhiteTeamCountry "GER"]
[BlackTeamCountry "GER"]

1. d4 Nf6 2. c4 e6 3. Nf3 Bb4+ 4. Bd2 Qe7 5. Nc3 0-0 6. g3 d6 7. a3 Bxc3 8. Bxc3 Ne4 9. Rc1 Nd7 10. Bg2 f5 11. 0-0 Ndf6 12. Nd2 Nxc3 13. Rxc3 e5 14. e3 Rb8 15. Qc2 c5 16. d5 Bd7 17. b4 b6 18. b5 Rbe8 19. a4 Qf7 20. a5 e4 21. axb6 axb6 22. Ra3 Ng4 23. Ra7 Qh5 24. h3 Ne5 25. f4 exf3 26. Nxf3 Bc8 27. Qc3 Rf7 28. Rxf7 Nxf7 29. h4 h6 30. Kh2 Ne5 31. Nxe5 Rxe5 32. Ra1 Kh7 33. Ra8 Bd7 34. Ra7 Be8 35. Rb7 Qe2 36. Rxb6 Rxe3 37. Qa1 Qf2 0-1

[Event "Ruhrgebiet VL2 0708"]
[Site "Germany"]
[Date "2008.03.09"]
[Round "7.3"]
[White "Stadtmann, Jens"]
[Black "Schlange, Stefan"]
[Result "1-0"]
[WhiteElo "2258"]
[BlackElo "2241"]
[PlyCount "129"]
[EventDate "2007.09.02"]
[EventType "team"]
[EventRounds "9"]
[EventCountry "GER"]
[SourceTitle "EXT 2009"]
[Source "ChessBase"]
[SourceDate "2008.11.26"]
[SourceVersion "1"]
[SourceVersionDate "2008.11.26"]
[SourceQuality "1"]
[WhiteTeam "Bottrop"]
[BlackTeam "Wattenscheid III"]
[WhiteTeamCountry "GER"]
[BlackTeamCountry "GER"]

1. d4 d5 2. Nf3 c6 3. c3 Bf5 4. Bf4 e6 5. e3 Bd6 6. Bg3 Nf6 7. Qb3 b6 8. Nbd2 0-0 9. Be2 Qc7 10. 0-0 Nbd7 11. c4 Ne4 12. Bxd6 Qxd6 13. Nxe4 Bxe4 14. Rfd1 Rac8 15. Rac1 Rc7 16. Nd2 Bg6 17. Nf3 Rfc8 18. Nh4 Be4 19. Nf3 Qe7 20. Nd2 Bg6 21. Rc3 e5 22. dxe5 dxc4 23. Nxc4 Nxe5 24. Nxe5 Qxe5 25. Bf3 c5 26. Rd5 Qe7 27. Qd1 h6 28. Rc1 b5 29. Qd2 f6 30. Rd6 c4 31. g3 b4 32. Qxb4 Rd7 33. Rxc4 Rxc4 34. Qxc4+ Bf7 35. Qc8+ Qe8 36. Qxe8+ Bxe8 37. Rxd7 Bxd7 38. Bd5+ Kf8 39. e4 Ke7 40. f3 Kd6 41. Kf2 g5 42. Ke3 Kc5 43. Bf7 Bc6 44. Kd3 a5 45. f4 gxf4 46. gxf4 a4 47. Bd5 Bd7 48. Bc4 Bc6 49. e5 fxe5 50. fxe5 Be8 51. Kc3 Bh5 52. b4+ axb3 53. axb3 Bf3 54. Bf7 Bg2 55. b4+ Kc6 56. h4 Bh3 57. e6 Kd6 58. b5 Bg2 59. Kd4 Bf1 60. b6 Bg2 61. e7 Kxe7 62. Bd5 Bxd5 63. Kxd5 Kd7 64. h5 Kd8 65. Ke6 1-0

[Event "Ruhrgebiet VL2 0708"]
[Site "Germany"]
[Date "2007.11.18"]
[Round "3.3"]
[White "Stadtmann, Jens"]
[Black "Mecklenburg, Roland"]
[Result "0-1"]
[WhiteElo "2090"]
[BlackElo "1976"]
[PlyCount "96"]
[EventDate "2007.09.02"]
[EventType "team"]
[EventRounds "9"]
[EventCountry "GER"]
[SourceTitle "EXT 2009"]
[Source "ChessBase"]
[SourceDate "2008.11.26"]
[SourceVersion "1"]
[SourceVersionDate "2008.11.26"]
[SourceQuality "1"]
[WhiteTeam "Bottrop"]
[BlackTeam "Laeufer Ost"]
[WhiteTeamCountry "GER"]
[BlackTeamCountry "GER"]

1. e4 c5 2. c3 d6 3. d4 Nc6 4. Nf3 e6 5. d5 Nce7 6. Bb5+ Bd7 7. Bxd7+ Qxd7 8. c4 e5 9. 0-0 Ng6 10. Nc3 Nf6 11. Ne1 Nf4 12. Bxf4 exf4 13. Nd3 0-0-0 14. Nxf4 Re8 15. Re1 h5 16. Nd3 g5 17. Rc1 Kb8 18. a3 Ng4 19. b4 b6 20. Qa4 Qxa4 21. Nxa4 Bg7 22. Nc3 Ne5 23. Nxe5 Bxe5 24. bxc5 bxc5 25. Rb1+ Ka8 26. Ne2 h4 27. h3 Rhg8 28. f3 Rb8 29. Red1 Bb2 30. a4 Rb4 31. Kf1 Rgb8 32. Rd2 Be5 33. Rxb4 Rxb4 34. Ra2 Rxc4 35. Kf2 Rb4 36. g3 hxg3+ 37. Nxg3 c4 38. Ne2 c3 39. Ke3 Rb2 40. Ra1 Rb3 41. Nd4 Rb2 42. Ne2 Kb7 43. h4 gxh4 44. f4 Bf6 45. Ng1 c2 46. Rc1 Rb1 47. Kd2 Bd4 48. Ne2 Rxc1 0-1

[Event "Ruhrgebiet VK3 0405"]
[Site "Ruhrgebiet"]
[Date "2005.01.30"]
[Round "6.1"]
[White "Henrichs, Thomas"]
[Black "Stadtmann, Jens"]
[Result "1-0"]
[WhiteElo "2399"]
[BlackElo "2151"]
[PlyCount "91"]
[EventDate "2004.09.12"]
[EventType "team"]
[EventRounds "9"]
[EventCountry "GER"]
[SourceTitle "EXT 2006"]
[Source "ChessBase"]
[SourceDate "2005.11.24"]
[SourceVersion "1"]
[SourceVersionDate "2005.11.24"]
[SourceQuality "1"]
[WhiteTeam "Dortmund 1875"]
[BlackTeam "Bottrop"]
[WhiteTeamCountry "GER"]
[BlackTeamCountry "GER"]

1. d4 Nf6 2. c4 e6 3. Nc3 Bb4 4. f3 0-0 5. a3 Bxc3+ 6. bxc3 d6 7. e4 Qe8 8. Bd3 e5 9. Ne2 Nc6 10. Be3 b6 11. Ng3 Ba6 12. 0-0 Nd7 13. f4 Kh8 14. fxe5 dxe5 15. Ra2 f6 16. Raf2 Qf7 17. Qe2 Rad8 18. d5 Na5 19. c5 Bxd3 20. Qxd3 Nb7 21. c6 Ndc5 22. Qe2 Nd6 23. Bxc5 bxc5 24. Nf5 Nxf5 25. Rxf5 Qe7 26. Rb1 g6 27. Rff1 f5 28. c4 Kg8 29. Rb7 fxe4 30. Re1 Rd6 31. Qb2 Rdf6 32. Rb8 Rxb8 33. Qxb8+ Rf8 34. Qb1 h5 35. Qxe4 Rf5 36. h3 h4 37. Qg4 Qf6 38. Kh2 Kg7 39. Re4 g5 40. Re3 Kg6 41. Qe4 Kh6 42. d6 cxd6 43. c7 Qf8 44. Qg4 e4 45. Qxe4 Re5 46. Qg4 1-0

[Event "Ruhrgebiet VK3 0405"]
[Site "Ruhrgebiet"]
[Date "2004.11.28"]
[Round "4.1"]
[White "Ritter, Uwe"]
[Black "Stadtmann, Jens"]
[Result "0-1"]
[WhiteElo "1977"]
[BlackElo "2151"]
[PlyCount "76"]
[EventDate "2004.09.12"]
[EventType "team"]
[EventRounds "9"]
[EventCountry "GER"]
[SourceTitle "EXT 2006"]
[Source "ChessBase"]
[SourceDate "2005.11.24"]
[SourceVersion "1"]
[SourceVersionDate "2005.11.24"]
[SourceQuality "1"]
[WhiteTeam "Wacker Bergeborbeck"]
[BlackTeam "Bottrop"]
[WhiteTeamCountry "GER"]
[BlackTeamCountry "GER"]

1. e4 e6 2. d4 d5 3. Nd2 b6 4. Ngf3 Nf6 5. e5 Ng8 6. c3 c6 7. Bd3 Ba6 8. Qe2 Bxd3 9. Qxd3 Be7 10. Nf1 Qc8 11. Ne3 Qa6 12. Qxa6 Nxa6 13. a4 c5 14. c4 dxc4 15. Nxc4 Nb4 16. Ke2 Nh6 17. Bxh6 gxh6 18. Nd6+ Bxd6 19. exd6 f6 20. dxc5 bxc5 21. Rac1 Rc8 22. Nd2 Nd5 23. Rc4 Kd7 24. Rh4 Kxd6 25. Nc4+ Ke7 26. Rxh6 Rc7 27. Ra1 Kf7 28. Rh4 e5 29. Nd6+ Ke6 30. Nb5 Rb7 31. Ra2 Rhb8 32. Kd2 a6 33. Na3 Rxb2+ 34. Rxb2 Rxb2+ 35. Ke1 Nf4 36. Rxh7 Nd3+ 37. Kf1 Rxf2+ 38. Kg1 Ra2 0-1

[Event "Ruhrgebiet VL2 0304"]
[Site "Ruhrgebiet"]
[Date "2004.02.29"]
[Round "7.1"]
[White "Stadtmann, Jens"]
[Black "Mombeck, Michael"]
[Result "1/2-1/2"]
[WhiteElo "2135"]
[BlackElo "2088"]
[PlyCount "51"]
[EventDate "2003.09.28"]
[EventType "team"]
[EventRounds "9"]
[EventCountry "GER"]
[SourceTitle "EXT 2007"]
[Source "ChessBase"]
[SourceDate "2006.11.23"]
[SourceVersion "1"]
[SourceVersionDate "2006.11.23"]
[SourceQuality "1"]
[WhiteTeam "Bottrop"]
[BlackTeam "Wacker Bergeborbeck"]
[WhiteTeamCountry "GER"]
[BlackTeamCountry "GER"]

1. c4 g6 2. Nc3 Bg7 3. g3 d6 4. Bg2 Nc6 5. e3 Nf6 6. Nge2 0-0 7. d4 e5 8. 0-0 Nh5 9. Nd5 Ne7 10. e4 c6 11. Nxe7+ Qxe7 12. Re1 Bg4 13. f3 Bd7 14. Be3 f5 15. exf5 gxf5 16. Qd2 Be6 17. d5 cxd5 18. cxd5 Bf7 19. Rac1 Nf6 20. Nc3 a6 21. Bh3 Bg6 22. Bh6 Bxh6 23. Qxh6 b5 24. a3 Rab8 25. b4 Rb7 26. Qe3 1/2-1/2

[Event "Ruhrgebiet VL2 0304"]
[Site "Ruhrgebiet"]
[Date "2004.01.11"]
[Round "5.1"]
[White "Stadtmann, Jens"]
[Black "Galonska, Joern"]
[Result "1/2-1/2"]
[WhiteElo "2135"]
[BlackElo "2198"]
[PlyCount "41"]
[EventDate "2003.09.28"]
[EventType "team"]
[EventRounds "9"]
[EventCountry "GER"]
[SourceTitle "EXT 2007"]
[Source "ChessBase"]
[SourceDate "2006.11.23"]
[SourceVersion "1"]
[SourceVersionDate "2006.11.23"]
[SourceQuality "1"]
[WhiteTeam "Bottrop"]
[BlackTeam "Horst"]
[WhiteTeamCountry "GER"]
[BlackTeamCountry "GER"]

1. g3 e5 2. c4 Nc6 3. Bg2 f5 4. e3 Nf6 5. Ne2 g6 6. Nbc3 Bg7 7. d4 e4 8. a3 a5 9. Nf4 0-0 10. h4 Ne7 11. Bd2 c6 12. b4 axb4 13. axb4 Rxa1 14. Qxa1 d5 15. Bf1 Bh6 16. c5 Bd7 17. Be2 Qa8 18. 0-0 Bxf4 19. exf4 Qxa1 20. Rxa1 Rb8 21. Kf1 1/2-1/2